Najmniejsze miasta w Polsce - Statystyki

Ogólne statystyki
  • Ten quiz został rozwiązany 50 razy
  • Średni wynik to 7 z 31
Statystyki odpowiedzi
Liczba
Ludności
Województwo Miasto % Poprawnych
313 Świętokrzyskie Opatowiec
76%
465 Świętokrzyskie Wiślica
38%
769 Małopolskie Koszyce
35%
829 Łódzkie Inowłódz
29%
889 Lubuskie Brody
26%
974 Podlaskie Suraż
26%
878 Mazowieckie Wyśmierzyce
26%
987 Podkarpackie Bircza
24%
903 Łódzkie Bolimów
24%
907 Mazowieckie Przytyk
24%
873 Lubelskie Turobin
24%
831 Łódzkie Kiernozia
21%
899 Świętokrzyskie Nowy Korczyn
21%
806 Podkarpackie Dubiecko
21%
892 Lubelskie Goraj
21%
900 Mazowieckie Jadów
21%
812 Lubelskie Józefów nad Wisłą
21%
967 Mazowieckie Odrzywół
21%
919 Łódzkie Parzęczew
21%
986 Mazowieckie Czerwińsk nad Wisłą
18%
738 Mazowieckie Ciepielów
18%
848 Świętokrzyskie Działoszyce
18%
825 Mazowieckie Głowaczów
18%
928 Mazowieckie Sienno
18%
947 Łódzkie Dąbrowice
15%
779 Mazowieckie Gielniów
15%
848 Małopolskie Książ Wielki
15%
966 Mazowieckie Magnuszew
15%
967 Świętokrzyskie Wodzisław
15%
972 Świętokrzyskie Szydłów
12%
931 Mazowieckie Solec nad Wisłą
6%
Nie znaleziono quizów pasujących do podanych kryteriów
Rozkład punktacji
Procent ludzi z każdym wynikiem
Percentyl według liczby udzielonych odpowiedzi
Twoja historia wyników
Nie rozwiązałeś tego quizu